000
00394nam a2200145Ia 4500
008
230917s9999||||xx |||||||||||||| ||und||
040
_e
164869
_a
MAIN
041
_a
English
082
_a
891.432741 DJ169S
100
_a
दलवी, जयवंत
245
0
_a
संध्याछाया
260
_a
दिल्ली
_b
लिपि
_c
1977
300
_a
105पृ. p.
942
_c
HN
999
_c
158223
_d
158223